MDQL
is popping MORE tags! Check the
thread
!
Quizzes
Events
Quiz Creation
Community
Videos
Private Events
Remove Ads
Sign In
Join for FREE
Feedback
Dark Mode
Quiz Categories
Sports
Geography
Music
Movies
Television
Just For Fun
Miscellaneous
History
Literature
Language
Science
Gaming
Entertainment
Religion
Holiday
For Kids
Quiz Lab
Recent
Popular Today
Quiz Kudos Today
Editor Picks
Curator Picks
Quizzes by...
Day
Popularity
Type
Ratings
Length
Year
Community
Subscriptions
Recent Discussions
Orange Saloon
Badges
Playlists
Quests
Create
Leaderboards
Showdown
Live 5
Trivia Bingo
Activity
Puzzle Library
Sporcle Events
Private Events
Virtual Trivia
Globe League
Become a Host
Pub Owners
SporcleCon
Opinionation
Our Games
Videos
Blog
Mobile Apps
Partnerships
Remove Ads and Go Orange
Feedback
Sports
Athletes
MLB
NBA
NHL
NFL
Soccer
Sports Teams
WWE
NCAA
Football
Premier League
Basketball
Baseball
Hockey
Golf
Tennis
Cricket
Rugby
Auto Racing
Olympics
World Cup
Sports
Athletes
MLB
NBA
NHL
NFL
Soccer
Sports Teams
WWE
NCAA
Football
Premier League
Basketball
Baseball
Hockey
Golf
Tennis
Cricket
Rugby
Auto Racing
Olympics
World Cup
Random Quiz
Search Sporcle
×
Quiz Lab
Quiz Lab
Sports
Football
Type in answers that appear in a list
Type in answers that appear in a list
Classic
Best Score? Go Orange.
NFL Top 80 Passers (2016) Stats
Can you name the top 80 in passing yards in the NFL for the 2016 season?
By
girr3
8m
80 Questions
323 Plays
323 Plays
323 Plays
Comments
Comments
Give Quiz Kudos
Give Quiz Kudos
-
- Ratings
hide this ad
More Info
Replay
Link that replays current quiz
Next Quiz
Link to next quiz in quiz playlist
You Got
0%
They Got
Avg Score
73%
Avg Friend Score
Upgrade to see
Score Distribution
Jump to the score distribution portion of the page
Score
0/80
Timer
08:00
0
Plays Today
Yards
Player
% Correct
#1) 5208
Drew Brees
100%
#2) 4944
Matt Ryan
99.7%
#4) 4428
Aaron Rodgers
99.4%
#6) 4327
Matthew Stafford
99.4%
#3) 4917
Kirk Cousins
99.1%
#5) 4386
Philip Rivers
99.1%
#8) 4240
Andrew Luck
99.1%
#11) 4206
Andy Dalton
99.1%
#13) 4027
Eli Manning
99.1%
#7) 4317
Joe Flacco
98.8%
#10) 4219
Russell Wilson
98.8%
#14) 3937
Derek Carr
98.8%
#15) 3905
Blake Bortles
98.8%
#20) 3554
Tom Brady
98.8%
#21) 3509
Cam Newton
98.5%
#9) 4233
Carson Palmer
98.1%
#22) 3502
Alex Smith
98.1%
#12) 4090
Jameis Winston
97.8%
#19) 3667
Dak Prescott
97.8%
#18) 3782
Carson Wentz
97.2%
#56) 126
Geno Smith
97.2%
#23) 3426
Marcus Mariota
96.6%
#17) 3819
Ben Roethlisberger
96.3%
#16) 3877
Sam Bradford
95.4%
#25) 3023
Tyrod Taylor
94.4%
#26) 2995
Ryan Tannehill
93.5%
#27) 2957
Brock Osweiler
93.5%
#29) 2241
Colin Kaepernick
92%
#28) 2710
Ryan Fitzpatrick
91.6%
#36) 1059
Jay Cutler
91%
#35) 1089
Jared Goff
89.8%
#67) 29
Tony Romo
83.3%
#24) 3401
Trevor Siemian
82.7%
#38) 886
Robert Griffin III
82%
#30) 2201
Case Keenum
81.4%
#37) 925
Blaine Gabbert
81.4%
#34) 1100
Josh McCown
81.1%
#40) 721
Matt Moore
80.5%
#43) 497
Paxton Lynch
80.2%
#41) 558
Landry Jones
78%
Yards
Player
% Correct
#58) 96
Cardale Jones
78%
#32) 1445
Brian Hoyer
77.7%
#47) 400
Jacoby Brissett
76.2%
#76) 15
Doug Baldwin
75.9%
#42) 502
Jimmy Garoppolo
73.4%
#45) 453
Derek Anderson
73.1%
#44) 461
Tom Savage
70.3%
#39) 809
Bryce Petty
68.7%
#77) 10
Dez Bryant
68.4%
#31) 1611
Matt Barkley
68.1%
#33) 1380
Cody Kessler
68.1%
#46) 410
Nick Foles
67.8%
#55) 131
E.J. Manuel
67.8%
#64) 41
Terrelle Pryor Sr
66.6%
#59) 93
Mark Sanchez
65.6%
#62) 50
Matt McGloin
64.7%
#53) 150
Connor Cook
64.1%
#78) 10
DeMarco Murray
63.2%
#80) 2
Dontari Poe
63.2%
#49) 242
Shaun Hill
61.6%
#48) 284
Matt Cassel
60.1%
#60) 75
Mike Glennon
56.7%
#51) 192
Drew Stanton
56.3%
#75) 16
Matt Schaub
55.1%
#50) 216
Scott Tolzien
53.9%
#65) 35
Pat McAfee
52.6%
#79) 4
Johnny Hekker
46.7%
#70) 20
Marqise Lee
46.1%
#61) 50
Willie Snead
45.5%
#74) 16
Chase Daniel
40.2%
#72) 17
Brett Hundley
39.6%
#54) 145
Trevone Boykin
36.2%
#52) 182
Charlie Whitehurst
33.7%
#68) 26
Ryan Mallett
33.4%
#57) 104
Kevin Hogan
29.1%
#71) 19
Sean Mannion
21.4%
#66) 31
Tress Way
17.3%
#69) 22
David Fales
12.1%
#73) 16
Riley Dixon
11.8%
#63) 43
Tanner McEvoy
11.1%
Quiz Playlist
Details
Report
Send in Message
Add To Playlist
More Info:
These stats reflect the top 80 passing yard leaders from the 2016 NFL season.
Classic:
Type in answers that appear in a list
Last Updated: Feb 16, 2017
Quiz Scoreboard
CHALLENGE
Sign Up to Join the Scoreboard
Show All
Scores
Hide
Comments
May contain spoilers
Recently Published
1-10 Letter E Words III
by El_Dandy
Language
2m
Street Fighter Characters
by Artimus82
Gaming
60s
College Basketball Coaching Resumes
by pancakes188
Sports
9m
More to Explore
Quiz From the Vault
Featured Blog Post
Where Did the Easter Bunny Come From?
hide this ad
You Might Also Like...
Tags
Football Quiz
NFL Quiz
Football League
Most Yards
NFL Player
Passing
Passing Leaders
Passing Yards
Yard Leaders
Today's Top Quizzes in Sports
Browse Sports
hide this ad
Today's Top Quizzes in Football
Browse Football
Top Contributed Quizzes in Sports
1
2022 World Cup Stars
2
Les meilleurs buteurs des matchs entre le PSG et l’OM
3
FIFA Club World Cup Champions
4
Les entraîneurs de l'OM et du PSG au 21e siècle
5
Criteria MLB: Left Handed Sluggers
6
2023 MLB Unique Player Accomplishments
7
AFC Teams Reveal (Wrong Answers Minefield)
8
Players with Multiple 50 Home Run Seasons
9
5-to-1: FBS Animal Nicknames
10
5-to-1: UK Sports Teams
Explore More
Trending Topics
Harry Potter
NBA
Crossword
Anime
Marvel
Kpop
Disney
The Office
NFL
Puzzle
Country
WWE
Song
Soccer
Pokémon
hide this ad
More By:
girr3
Quiz
Plays
Rating
Category
Featured
Created
Playoff Opponents of LeBron James
53,791
3.74
Sports
Jun 21, 2013
Playoff Opponents of Kobe Bryant
20,205
3.66
Sports
Jun 25, 2013
Kevin Durant Playoff Opponents
3,206
4.50
Sports
Jun 23, 2013
NBA Top 150 Players (2016)
3,048
4.43
Sports
Oct 13, 2016
Tom Brady Playoff Opponents
1,428
4.80
Sports
Jul 2, 2013
Go to Creator's Profile
Score Distribution
Quiz Creator Spotlight
girr3
Follow
Send a Message
Quizzes Created
-
Created Quiz Play Count
-
More By This Creator
Popular Quizzes Today
1
Find the US States - No Outlines Minefield
2
Find the Countries of Europe - No Outlines Minefield
3
The Countries of the World
4
Find the US States
5
Risky Map Clicking: Biggest States A-Z
6
US States
7
Popular People in 1961
8
Movies - When Are They Set?
More Sports Quizzes
The 2021 Cubs
Quiz Lab
Trending Quizzes
Risky Map Clicking: Least Populous States A-Z
1-10 Letter G Words
1-10 Letter F Words
Countries of the World: 200 Million BC
Risky Map Clicking: Next State Alphabetically
Recently Updated
Most Oscar Losses (Acting)
pecheneg
Beyoncé Albums
pecheneg
Leaping Animals
pecheneg
Reality TV Shows (A-Z)
bhenderson79
Rickey Henderson's Hall of Fame Teammates
pecheneg
Champions League XIs: Arsenal
pecheneg
Quick Pick: Celebrities in WWE's Hall of Fame
aduchscher
A-Z Keypad Blitz II
pecheneg
Multiple Oscar Actors
pecheneg
Mystery Phrase Blitz: Oscar 'Best Actors'
pecheneg
Trending Topics
Harry Potter
NBA
Kpop
Anime
Disney
Crossword
Marvel
Song
Pokémon
WWE
Soccer
Country
Puzzle
NFL
The Office
Your Account Isn't Verified!
In order to create a playlist on Sporcle, you need to verify the email address you used during registration. Go to your
Sporcle Settings
to finish the process.
Report this User
Report this user for behavior that violates our
Community Guidelines
.
Details:
Send Report
Go to the Sporcle.com Mobile Site →
Comments